| 000 | 01495nam0a22003131 4500 | ||
|---|---|---|---|
| 001 | rc\93682 | ||
| 005 | 20250620180215.0 | ||
| 010 |
_a5-85584-107-3 _bТоварищество "Придесенье" _93000 |
||
| 035 | _a(NLR Aleph) 005359196 | ||
| 090 |
_a6879969 _c6879969 |
||
| 100 | _a20021216d1995 |||y0rusy50 ca | ||
| 101 | 0 | _arus | |
| 102 | _aRU | ||
| 105 | _aa ||||||||| | ||
| 200 | 1 |
_aИз души выливаются звуки _e[Стихи] _fПавел Горшечников |
|
| 210 |
_aБрянск _cТоварищество "Придесенье" _cФонд "Вдохновенье" _d1995 |
||
| 215 |
_a106 с. _cил. _d17 |
||
| 327 | 1 | _aСодерж.: "Я не поэт. Я это отрицаю..."; Циклы: "О себе"; "О жизни, смерти и природе"; "О лирике"; "И о любви" | |
| 464 | 0 |
_12001#$a"Я не поэт. Я это отрицаю..." _t"Я не поэт. Я это отрицаю..." |
|
| 464 | 0 |
_12001#$a"О себе" _t"О себе" |
|
| 464 | 0 |
_12001#$a"О жизни, смерти и природе" _t"О жизни, смерти и природе" |
|
| 464 | 0 |
_12001#$a"О лирике" _t"О лирике" |
|
| 464 | 0 |
_12001#$a"И о любви" _t"И о любви" |
|
| 700 | 1 |
_aГоршечников _bП.В. _f1980- _gПавел Владимирович |
|
| 801 | 0 |
_aRU _bNLR _gpsbo |
|
| 801 | 1 |
_aRU _bELAR _2rusmarc |
|
| 852 |
_aNLR _j96-2/574 |
||
| 942 | _cBOOK | ||
| 980 | _aNB | ||